| 000 | 00636nam a22001937a 4500 | ||
|---|---|---|---|
| 005 | 20091023091719.0 | ||
| 008 | 091023t xxu||||| |||| 00| 0 eng d | ||
| 020 | _a81-264-0187-7 | ||
| 080 |
_aFM _bDEF/R |
||
| 100 |
_aDefoe, Daniel _98062 |
||
| 245 | _aRobinson Crusoe | ||
| 250 | _a7th ed. | ||
| 260 |
_aKottayam _bDC books _c2005 _97566 |
||
| 300 | _a107p. | ||
| 500 | _aabridged and retold by Sadasivan, M.P. | ||
| 653 |
_aFiction- Malayalam literature _aFiction- English literature |
||
| 942 | _cBK | ||
| 952 |
_w2009-10-23 _p00056133 _r2013-03-21 _40 _00 _bUL _m2 _10 _oFM DEF/R _d2009-10-23 _70 _2udc _yBK _s2013-03-07 _l22 _aUL |
||
| 999 |
_c9154 _d9153 |
||